000
00237nam a2200097Ia 4500
005
20251222114351.0
008
251222s1900||||xx |||||||||||||| ||spa||
082
_a
DVD0090/G36A/2000
245
0
_a
En los dominios de la Anaconda:
942
_c
DVD
999
_c
1253
_d
1253